000 00727nam a2200229 i 4500
001 100030
003 ES-MaACL
005 20230906182608.0
007 t|
008 050921s1920 sp ap |||| | spa d
080 _a860-992"19"
100 1 _aMartínez Sierra, Gregorio,
_d1881-1947
_978429
245 1 0 _aGranada /
_cGregorio Martínez Sierra ; ornamentación de Fontanals.
260 _aMadrid :
_b[s.n.],
_c1920 (
_fTip. Artística)
300 _a268 p. :
_bil. ;
_c19 cm.
651 4 _aGranada-
_xDescripción.
_98768
700 1 _aFontanals i del Castillo, Joaquim.
_9146893
700 1 _aMartínez Sierra, María,
_d1874-1974
_978430
852 4 _aES-MaACL
_jF-7232
942 _2ddc
999 _c100030
_d100030